La paradoja en Ortega y Gasset

Gardado en:
Detalles Bibliográficos
Autor Principal: Fernández Pelayo, H.
Formato: Libro
Idioma:Undetermined
Publicado: Madrid, España José Porrúa Turanzas 1985
Materias:
Etiquetas: Engadir etiqueta
Sen Etiquetas, Sexa o primeiro en etiquetar este rexistro!

MARC

LEADER 00000nam a2200000Ia 4500
008 170316s9999 xx 000 0 und d
090 |a 100 F-8p 
100 |a Fernández Pelayo, H. 
245 |a La paradoja en Ortega y Gasset 
260 |a Madrid, España 
260 |b José Porrúa Turanzas 
260 |c 1985 
300 |a 174 páginas 
650 |a FILOSOFÍA 
999 |c 16236  |d 16236 
040 |a cru BVZT 
942 |c 15 D  |h 100 F-8p  |2 z